<?xml version="1.0" encoding="UTF-8"?>
<record
    xmlns:xsi="http://www.w3.org/2001/XMLSchema-instance"
    xsi:schemaLocation="http://www.loc.gov/MARC21/slim http://www.loc.gov/standards/marcxml/schema/MARC21slim.xsd"
    xmlns="http://www.loc.gov/MARC21/slim">

  <leader>08760nkc a22006137a 4500</leader>
  <controlfield tag="001">85834</controlfield>
  <controlfield tag="005">20260429113541.0</controlfield>
  <controlfield tag="007">kh bo </controlfield>
  <controlfield tag="008">260422s1960    sp ||||| |||| |0| i|spa d</controlfield>
  <datafield tag="040" ind1=" " ind2=" ">
    <subfield code="a">M-RABA</subfield>
    <subfield code="b">spa</subfield>
    <subfield code="c">M-RABA</subfield>
  </datafield>
  <datafield tag="245" ind1="0" ind2="1">
    <subfield code="a">[Pintura espa&#xF1;ola</subfield>
    <subfield code="b">: obras de pintores espa&#xF1;oles en Estados Unidos]</subfield>
    <subfield code="h">[Material gr&#xE1;fico]</subfield>
  </datafield>
  <datafield tag="260" ind1=" " ind2=" ">
    <subfield code="c">[ca. 1960]</subfield>
  </datafield>
  <datafield tag="300" ind1=" " ind2=" ">
    <subfield code="a">14 fotograf&#xED;as</subfield>
    <subfield code="b">: impresi&#xF3;n fotomec&#xE1;nica.</subfield>
    <subfield code="c">; 22,7 x 12,3 (medidas m&#xED;nimas)</subfield>
    <subfield code="c">; 25,5 x 20,5 cm (medidas m&#xE1;ximas)</subfield>
  </datafield>
  <datafield tag="500" ind1="0" ind2="0">
    <subfield code="a">Conjunto de 14 fotograf&#xED;as de diferentes cuadros de pintores espa&#xF1;oles que se conservan actualmente en diferentes museos en Estados Unidos.
Todas las fotograf&#xED;as se encuentran manuscritas en el verso con anotaciones y comentarios, donde tambi&#xE9;n se hace menci&#xF3;n a historiadores como El&#xED;as Tormo, Hugo Kehrer o Manuel G&#xF3;mez Moreno.</subfield>
  </datafield>
  <datafield tag="500" ind1="0" ind2="0">
    <subfield code="a">Anotaciones manuscritas a l&#xE1;piz en el verso de la imagen: "Regalo de Mr Stevenson Scott, 680, 5&#xAA; Av. N. York. Col Kerringan. Procede del duque de Westminster" (Fot-767) ; "Portrair of a Musician by Jusepe de Ribera. The Toledo Museum of Art. Gift of Edward Drummond Libbey. Illustrated in Catalogue Stroganoff, Pieces de Choix. Exhibited in Metropolitan Museum, New York, 1928" (Fot-768); "1509, par Moya, SN. H 0,84 x 0,74. d 1509. J. Ribalta (yerno). Domotte en Par&#xED;s?. 1929. Original de D. Manuel. &#xC9;poca F.VII" (Fot-770); "M. de Worcester. El coro firmado. D. Manuel no lo conoce al pronto. Lo publica E. Lafuente (ed. [Rastvor])" (Fot-771); "Mrs. Eugene McVay en Chicago. &#xBF;Bme Gonz&#xE1;lez?. La esposa de F.III; mal clasificado como la 2&#xAA; esposa de F.II por S&#xAA; Culle. Algo posterior al retrato reproducido por Tormo en las Descalzar Reales p&#xE1;s 197" (Fot-772); "Dada por Demotte en N.York, Febrero 1929" (Fot-773); "Velasco, Antonio Palomino. Spanish, 1653-1725. Vision of S. Domingo Guzman. V. el Coello de igualmente Ac. de S. Fernando" (Fot-774); "St. Sebastian. J. de Ribera. x-196" (Fot-775); "V. Mayer, Murillo (K. der K.)". Esta anotaci&#xF3;n hace referencia a los Klassiker der Kunst (K der K), una serie de libros de arte alemanes" (Fot-776); "A. Carthusian. Alfonso Cano. 242". Sello a tinta: "Pennsylvania Museum. Phila., PA." (Fot-777) ; "Reproducido abundante como tambi&#xE9;n en el libro de Kehrer. Le parece (...) a D. Manuel" (Fot-778) ; "Spansih XVII. C. St Francisco Assisi" (Fot-779).</subfield>
  </datafield>
  <datafield tag="500" ind1="0" ind2="0">
    <subfield code="a">Sello a tinta en el verso: "Worcester Art Museum" (Fot-769); "Frederick O. Bemm. Photographer. Art Institute-Chicago" (Fot-772); "The Art Institute of Chicago. Photograph Department" (Fot-774; Fot-779; Fot-780) ; "Pennsylvania Museum. Phila., PA." (Fot-777) </subfield>
  </datafield>
  <datafield tag="500" ind1="0" ind2="0">
    <subfield code="a">Las im&#xE1;genes vas acompa&#xF1;adas de un sobre tambi&#xE9;n con inscripciones manuscritas a l&#xE1;piz: "Llevar este sobre a G&#xF3;mez-Moreno";  "Ver cat. suelto (supuesto Cano)"; "Fotos de obras de varios pintores espa&#xF1;oles en los Estados Unidos. (...)".</subfield>
  </datafield>
  <datafield tag="505" ind1=" " ind2=" ">
    <subfield code="a">"Santa Rufina". Vel&#xE1;zquez (Fot-767) -- "Maestro de M&#xFA;sica". Jos&#xE9; Rivera (Fot-768) -- "The Cripple". Autor desconocido (Fot-769) -- "Retrato de Luis Trist&#xE1;n". Autor desconocido (Fot-770) -- "Cristo llevando la Cruz". Alonso Cano (Fot-771) -- "Margarita de Austria". Juan Pantoja (Fot-772) -- "Retrato de Se&#xF1;ora". Jos&#xE9; Guti&#xE9;rrez de la Vega y Carrizo (Fot-773) -- "Santo Domingo recibiendo el Rosario de manos de la Virgen". Autor desconocido (Fot-774) -- "San Sebasti&#xE1;n curado por Santa Irene". Luca Giordano (Fot-775) -- "San Juan Evangelista". Autor desconocido (Fot-776) -- Sin identificar. Por las anotaciones en el reverso seguramente un retrato de un monje cartujo realizado por Alfonso Cano (Fot-777) -- "San Miguel Arc&#xE1;ngel". Ignacio de Ries (Fot-778) -- "San Francisco de As&#xED;s". Autor desconocido (Fot-779) -- "La Asunci&#xF3;n de la Virgen". El Greco (Fot-780).</subfield>
  </datafield>
  <datafield tag="610" ind1="2" ind2="7">
    <subfield code="a">Worcester Art Museum</subfield>
    <subfield code="2">embne</subfield>
    <subfield code="9">18200</subfield>
  </datafield>
  <datafield tag="610" ind1="2" ind2="7">
    <subfield code="a">Art Institute of Chicago</subfield>
    <subfield code="2">embne</subfield>
    <subfield code="9">5395</subfield>
  </datafield>
  <datafield tag="610" ind1="2" ind2="7">
    <subfield code="a">Pennsylvania Museum of Art</subfield>
    <subfield code="9">37019</subfield>
  </datafield>
  <datafield tag="651" ind1=" " ind2="7">
    <subfield code="a">Estados Unidos.</subfield>
    <subfield code="9">54103</subfield>
  </datafield>
  <datafield tag="655" ind1=" " ind2="7">
    <subfield code="a">Fotograf&#xED;as de obras de arte</subfield>
    <subfield code="9">75675</subfield>
  </datafield>
  <datafield tag="852" ind1=" " ind2=" ">
    <subfield code="j">Fot-767; Fot-768; Fot-769; Fot-770; Fot-771; Fot-772; Fot-773; Fot-774; Fot-775; Fot-776; Fot-777; Fot-778; Fot-779; Fot-780</subfield>
  </datafield>
  <datafield tag="856" ind1=" " ind2=" ">
    <subfield code="u">https://archivoybiblioteca.realacademiabellasartessanfernando.com/cgi-bin/koha/opac-retrieve-file.pl?id=fa25dfbf5d746172066ded6e9d328247</subfield>
    <subfield code="y">Fot-767r</subfield>
  </datafield>
  <datafield tag="856" ind1=" " ind2=" ">
    <subfield code="u">https://archivoybiblioteca.realacademiabellasartessanfernando.com/cgi-bin/koha/opac-retrieve-file.pl?id=dfb7544fb84304a9caa8066ddaf00018</subfield>
    <subfield code="y">Fot-767v</subfield>
  </datafield>
  <datafield tag="856" ind1=" " ind2=" ">
    <subfield code="u">https://archivoybiblioteca.realacademiabellasartessanfernando.com/cgi-bin/koha/opac-retrieve-file.pl?id=836c66d7e681cb3ef487148c2329a486</subfield>
    <subfield code="y">Fot-768r</subfield>
  </datafield>
  <datafield tag="856" ind1=" " ind2=" ">
    <subfield code="u">https://archivoybiblioteca.realacademiabellasartessanfernando.com/cgi-bin/koha/opac-retrieve-file.pl?id=d3b01244c5a045636da9b73acc35cd90</subfield>
    <subfield code="y">Fot-768v</subfield>
  </datafield>
  <datafield tag="856" ind1=" " ind2=" ">
    <subfield code="u">https://archivoybiblioteca.realacademiabellasartessanfernando.com/cgi-bin/koha/opac-retrieve-file.pl?id=480af033bc823b7513698eba164ee118</subfield>
    <subfield code="y">Fot-769r</subfield>
  </datafield>
  <datafield tag="856" ind1=" " ind2=" ">
    <subfield code="u">https://archivoybiblioteca.realacademiabellasartessanfernando.com/cgi-bin/koha/opac-retrieve-file.pl?id=e9f45c474ccb208817c66542695fe83f</subfield>
    <subfield code="y">Fot-769v</subfield>
  </datafield>
  <datafield tag="856" ind1=" " ind2=" ">
    <subfield code="u">https://archivoybiblioteca.realacademiabellasartessanfernando.com/cgi-bin/koha/opac-retrieve-file.pl?id=c7091dee7609c3d57ab22faeea9bdc03</subfield>
    <subfield code="y">Fot-770r</subfield>
  </datafield>
  <datafield tag="856" ind1=" " ind2=" ">
    <subfield code="u">https://archivoybiblioteca.realacademiabellasartessanfernando.com/cgi-bin/koha/opac-retrieve-file.pl?id=29f3a918e5047bffb6849ccf19153d57</subfield>
    <subfield code="y">Fot-770v</subfield>
  </datafield>
  <datafield tag="856" ind1=" " ind2=" ">
    <subfield code="u">https://archivoybiblioteca.realacademiabellasartessanfernando.com/cgi-bin/koha/opac-retrieve-file.pl?id=8c45ed8ce91952c453b537babb14dc59</subfield>
    <subfield code="y">Fot-771r</subfield>
  </datafield>
  <datafield tag="856" ind1=" " ind2=" ">
    <subfield code="u">https://archivoybiblioteca.realacademiabellasartessanfernando.com/cgi-bin/koha/opac-retrieve-file.pl?id=35664d029eea6232ee323779fb4de5f7</subfield>
    <subfield code="y">Fot-771v</subfield>
  </datafield>
  <datafield tag="856" ind1=" " ind2=" ">
    <subfield code="u">https://archivoybiblioteca.realacademiabellasartessanfernando.com/cgi-bin/koha/opac-retrieve-file.pl?id=15764485b1ec27511244a9ccb245d9d5</subfield>
    <subfield code="y">Fot-772r</subfield>
  </datafield>
  <datafield tag="856" ind1=" " ind2=" ">
    <subfield code="u">https://archivoybiblioteca.realacademiabellasartessanfernando.com/cgi-bin/koha/opac-retrieve-file.pl?id=f4202d295bc0b05c0698c6c9c88c94e5</subfield>
    <subfield code="y">Fot-772v</subfield>
  </datafield>
  <datafield tag="856" ind1=" " ind2=" ">
    <subfield code="u">https://archivoybiblioteca.realacademiabellasartessanfernando.com/cgi-bin/koha/opac-retrieve-file.pl?id=fce96b4dd3d1687265f95aa827d24499</subfield>
    <subfield code="y">Fot-773r</subfield>
  </datafield>
  <datafield tag="856" ind1=" " ind2=" ">
    <subfield code="u">https://archivoybiblioteca.realacademiabellasartessanfernando.com/cgi-bin/koha/opac-retrieve-file.pl?id=39e8ffb4c9b2391fccc8f3d5a0c87dc6</subfield>
    <subfield code="y">Fot-773v</subfield>
  </datafield>
  <datafield tag="856" ind1=" " ind2=" ">
    <subfield code="u">https://archivoybiblioteca.realacademiabellasartessanfernando.com/cgi-bin/koha/opac-retrieve-file.pl?id=b4217b8e99249675d527c7264896927d</subfield>
    <subfield code="y">Fot-774r</subfield>
  </datafield>
  <datafield tag="856" ind1=" " ind2=" ">
    <subfield code="u">https://archivoybiblioteca.realacademiabellasartessanfernando.com/cgi-bin/koha/opac-retrieve-file.pl?id=b9fb9b51cd32887dcab6236083d4d1f7</subfield>
    <subfield code="y">Fot-774v</subfield>
  </datafield>
  <datafield tag="856" ind1=" " ind2=" ">
    <subfield code="u">https://archivoybiblioteca.realacademiabellasartessanfernando.com/cgi-bin/koha/opac-retrieve-file.pl?id=070d19d9dbb5b3e6eb3b64a02756aaf6</subfield>
    <subfield code="y">Fot-775r</subfield>
  </datafield>
  <datafield tag="856" ind1=" " ind2=" ">
    <subfield code="u">https://archivoybiblioteca.realacademiabellasartessanfernando.com/cgi-bin/koha/opac-retrieve-file.pl?id=5a291c21121da89441b1eb6a25f75107</subfield>
    <subfield code="y">Fot-775v</subfield>
  </datafield>
  <datafield tag="856" ind1=" " ind2=" ">
    <subfield code="u">https://archivoybiblioteca.realacademiabellasartessanfernando.com/cgi-bin/koha/opac-retrieve-file.pl?id=b4939f6e708feef4f694fd9d41a6bc70</subfield>
    <subfield code="y">Fot-776r</subfield>
  </datafield>
  <datafield tag="856" ind1=" " ind2=" ">
    <subfield code="u">https://archivoybiblioteca.realacademiabellasartessanfernando.com/cgi-bin/koha/opac-retrieve-file.pl?id=fe724d449c3a83261fe6551288ab6068</subfield>
    <subfield code="y">Fot-776v</subfield>
  </datafield>
  <datafield tag="856" ind1=" " ind2=" ">
    <subfield code="u">https://archivoybiblioteca.realacademiabellasartessanfernando.com/cgi-bin/koha/opac-retrieve-file.pl?id=9852381cc1ad570c83c119959b402d1c</subfield>
    <subfield code="y">Fot-777r</subfield>
  </datafield>
  <datafield tag="856" ind1=" " ind2=" ">
    <subfield code="u">https://archivoybiblioteca.realacademiabellasartessanfernando.com/cgi-bin/koha/opac-retrieve-file.pl?id=2179529abe4aeaa547bacfbf6fe72fb5</subfield>
    <subfield code="y">Fot-777v</subfield>
  </datafield>
  <datafield tag="856" ind1=" " ind2=" ">
    <subfield code="u">https://archivoybiblioteca.realacademiabellasartessanfernando.com/cgi-bin/koha/opac-retrieve-file.pl?id=fc1d765d8404e61a18f692d797dd0e96</subfield>
    <subfield code="y">Fot-778r</subfield>
  </datafield>
  <datafield tag="856" ind1=" " ind2=" ">
    <subfield code="u">https://archivoybiblioteca.realacademiabellasartessanfernando.com/cgi-bin/koha/opac-retrieve-file.pl?id=b8122a16a87cc24593c4584cf59c1fc7</subfield>
    <subfield code="y">Fot-778v</subfield>
  </datafield>
  <datafield tag="856" ind1=" " ind2=" ">
    <subfield code="u">https://archivoybiblioteca.realacademiabellasartessanfernando.com/cgi-bin/koha/opac-retrieve-file.pl?id=95cd47b43eb7ee5fbfe10af8baac8963</subfield>
    <subfield code="y">Fot-779r</subfield>
  </datafield>
  <datafield tag="856" ind1=" " ind2=" ">
    <subfield code="u">https://archivoybiblioteca.realacademiabellasartessanfernando.com/cgi-bin/koha/opac-retrieve-file.pl?id=8cae389b2b83b8a1ef3f03a328239bbe</subfield>
    <subfield code="y">Fot-779v</subfield>
  </datafield>
  <datafield tag="856" ind1=" " ind2=" ">
    <subfield code="u">https://archivoybiblioteca.realacademiabellasartessanfernando.com/cgi-bin/koha/opac-retrieve-file.pl?id=e187e2b9e6a867c1834b1ea6b1c520b9</subfield>
    <subfield code="y">Fot-780r</subfield>
  </datafield>
  <datafield tag="856" ind1=" " ind2=" ">
    <subfield code="u">https://archivoybiblioteca.realacademiabellasartessanfernando.com/cgi-bin/koha/opac-retrieve-file.pl?id=fd6848a2474b6b15f931b6e6647e3a5e</subfield>
    <subfield code="y">Fot-780v</subfield>
  </datafield>
  <datafield tag="942" ind1=" " ind2=" ">
    <subfield code="c">FOTOGRAF&#xCD;A</subfield>
    <subfield code="n">0</subfield>
  </datafield>
  <datafield tag="952" ind1=" " ind2=" ">
    <subfield code="0">0</subfield>
    <subfield code="1">0</subfield>
    <subfield code="2">ddc</subfield>
    <subfield code="4">0</subfield>
    <subfield code="7">0</subfield>
    <subfield code="8">FOTOGRAFIA</subfield>
    <subfield code="a">RABASF</subfield>
    <subfield code="b">RABASF</subfield>
    <subfield code="c">DP2</subfield>
    <subfield code="d">2026-04-22</subfield>
    <subfield code="l">0</subfield>
    <subfield code="o">Fot-767</subfield>
    <subfield code="p">1097092</subfield>
    <subfield code="r">2026-04-22 11:35:36</subfield>
    <subfield code="w">2026-04-22</subfield>
    <subfield code="y">FOTOGRAF&#xCD;A</subfield>
  </datafield>
  <datafield tag="952" ind1=" " ind2=" ">
    <subfield code="0">0</subfield>
    <subfield code="1">0</subfield>
    <subfield code="2">ddc</subfield>
    <subfield code="4">0</subfield>
    <subfield code="7">0</subfield>
    <subfield code="8">FOTOGRAFIA</subfield>
    <subfield code="a">RABASF</subfield>
    <subfield code="b">RABASF</subfield>
    <subfield code="c">DP2</subfield>
    <subfield code="d">2026-04-22</subfield>
    <subfield code="l">0</subfield>
    <subfield code="o">Fot-768</subfield>
    <subfield code="p">1097093</subfield>
    <subfield code="r">2026-04-22 11:35:36</subfield>
    <subfield code="w">2026-04-22</subfield>
    <subfield code="y">FOTOGRAF&#xCD;A</subfield>
  </datafield>
  <datafield tag="952" ind1=" " ind2=" ">
    <subfield code="0">0</subfield>
    <subfield code="1">0</subfield>
    <subfield code="2">ddc</subfield>
    <subfield code="4">0</subfield>
    <subfield code="7">0</subfield>
    <subfield code="8">FOTOGRAFIA</subfield>
    <subfield code="a">RABASF</subfield>
    <subfield code="b">RABASF</subfield>
    <subfield code="c">DP2</subfield>
    <subfield code="d">2026-04-22</subfield>
    <subfield code="l">0</subfield>
    <subfield code="o">Fot-769</subfield>
    <subfield code="p">1097094</subfield>
    <subfield code="r">2026-04-22 11:35:36</subfield>
    <subfield code="w">2026-04-22</subfield>
    <subfield code="y">FOTOGRAF&#xCD;A</subfield>
  </datafield>
  <datafield tag="952" ind1=" " ind2=" ">
    <subfield code="0">0</subfield>
    <subfield code="1">0</subfield>
    <subfield code="2">ddc</subfield>
    <subfield code="4">0</subfield>
    <subfield code="7">0</subfield>
    <subfield code="8">FOTOGRAFIA</subfield>
    <subfield code="a">RABASF</subfield>
    <subfield code="b">RABASF</subfield>
    <subfield code="c">DP2</subfield>
    <subfield code="d">2026-04-22</subfield>
    <subfield code="l">0</subfield>
    <subfield code="o">Fot-770</subfield>
    <subfield code="p">1097095</subfield>
    <subfield code="r">2026-04-22 11:35:36</subfield>
    <subfield code="w">2026-04-22</subfield>
    <subfield code="y">FOTOGRAF&#xCD;A</subfield>
  </datafield>
  <datafield tag="952" ind1=" " ind2=" ">
    <subfield code="0">0</subfield>
    <subfield code="1">0</subfield>
    <subfield code="2">ddc</subfield>
    <subfield code="4">0</subfield>
    <subfield code="7">0</subfield>
    <subfield code="8">FOTOGRAFIA</subfield>
    <subfield code="a">RABASF</subfield>
    <subfield code="b">RABASF</subfield>
    <subfield code="c">DP2</subfield>
    <subfield code="d">2026-04-22</subfield>
    <subfield code="l">0</subfield>
    <subfield code="o">Fot-771</subfield>
    <subfield code="p">1097096</subfield>
    <subfield code="r">2026-04-22 11:35:36</subfield>
    <subfield code="w">2026-04-22</subfield>
    <subfield code="y">FOTOGRAF&#xCD;A</subfield>
  </datafield>
  <datafield tag="952" ind1=" " ind2=" ">
    <subfield code="0">0</subfield>
    <subfield code="1">0</subfield>
    <subfield code="2">ddc</subfield>
    <subfield code="4">0</subfield>
    <subfield code="7">0</subfield>
    <subfield code="8">FOTOGRAFIA</subfield>
    <subfield code="a">RABASF</subfield>
    <subfield code="b">RABASF</subfield>
    <subfield code="c">DP2</subfield>
    <subfield code="d">2026-04-22</subfield>
    <subfield code="l">0</subfield>
    <subfield code="o">Fot-772</subfield>
    <subfield code="p">1097097</subfield>
    <subfield code="r">2026-04-22 11:35:36</subfield>
    <subfield code="w">2026-04-22</subfield>
    <subfield code="y">FOTOGRAF&#xCD;A</subfield>
  </datafield>
  <datafield tag="952" ind1=" " ind2=" ">
    <subfield code="0">0</subfield>
    <subfield code="1">0</subfield>
    <subfield code="2">ddc</subfield>
    <subfield code="4">0</subfield>
    <subfield code="7">0</subfield>
    <subfield code="8">FOTOGRAFIA</subfield>
    <subfield code="a">RABASF</subfield>
    <subfield code="b">RABASF</subfield>
    <subfield code="c">DP2</subfield>
    <subfield code="d">2026-04-22</subfield>
    <subfield code="l">0</subfield>
    <subfield code="o">Fot-773</subfield>
    <subfield code="p">1097098</subfield>
    <subfield code="r">2026-04-22 11:35:36</subfield>
    <subfield code="w">2026-04-22</subfield>
    <subfield code="y">FOTOGRAF&#xCD;A</subfield>
  </datafield>
  <datafield tag="952" ind1=" " ind2=" ">
    <subfield code="0">0</subfield>
    <subfield code="1">0</subfield>
    <subfield code="2">ddc</subfield>
    <subfield code="4">0</subfield>
    <subfield code="7">0</subfield>
    <subfield code="8">FOTOGRAFIA</subfield>
    <subfield code="a">RABASF</subfield>
    <subfield code="b">RABASF</subfield>
    <subfield code="c">DP2</subfield>
    <subfield code="d">2026-04-22</subfield>
    <subfield code="l">0</subfield>
    <subfield code="o">Fot-774</subfield>
    <subfield code="p">1097099</subfield>
    <subfield code="r">2026-04-22 11:35:36</subfield>
    <subfield code="w">2026-04-22</subfield>
    <subfield code="y">FOTOGRAF&#xCD;A</subfield>
  </datafield>
  <datafield tag="952" ind1=" " ind2=" ">
    <subfield code="0">0</subfield>
    <subfield code="1">0</subfield>
    <subfield code="2">ddc</subfield>
    <subfield code="4">0</subfield>
    <subfield code="7">0</subfield>
    <subfield code="8">FOTOGRAFIA</subfield>
    <subfield code="a">RABASF</subfield>
    <subfield code="b">RABASF</subfield>
    <subfield code="c">DP2</subfield>
    <subfield code="d">2026-04-22</subfield>
    <subfield code="l">0</subfield>
    <subfield code="o">Fot-775</subfield>
    <subfield code="p">1097100</subfield>
    <subfield code="r">2026-04-22 11:35:36</subfield>
    <subfield code="w">2026-04-22</subfield>
    <subfield code="y">FOTOGRAF&#xCD;A</subfield>
  </datafield>
  <datafield tag="952" ind1=" " ind2=" ">
    <subfield code="0">0</subfield>
    <subfield code="1">0</subfield>
    <subfield code="2">ddc</subfield>
    <subfield code="4">0</subfield>
    <subfield code="7">0</subfield>
    <subfield code="8">FOTOGRAFIA</subfield>
    <subfield code="a">RABASF</subfield>
    <subfield code="b">RABASF</subfield>
    <subfield code="c">DP2</subfield>
    <subfield code="d">2026-04-22</subfield>
    <subfield code="l">0</subfield>
    <subfield code="o">Fot-776</subfield>
    <subfield code="p">1097101</subfield>
    <subfield code="r">2026-04-22 11:35:36</subfield>
    <subfield code="w">2026-04-22</subfield>
    <subfield code="y">FOTOGRAF&#xCD;A</subfield>
  </datafield>
  <datafield tag="952" ind1=" " ind2=" ">
    <subfield code="0">0</subfield>
    <subfield code="1">0</subfield>
    <subfield code="2">ddc</subfield>
    <subfield code="4">0</subfield>
    <subfield code="7">0</subfield>
    <subfield code="8">FOTOGRAFIA</subfield>
    <subfield code="a">RABASF</subfield>
    <subfield code="b">RABASF</subfield>
    <subfield code="c">DP2</subfield>
    <subfield code="d">2026-04-22</subfield>
    <subfield code="l">0</subfield>
    <subfield code="o">Fot-777</subfield>
    <subfield code="p">1097102</subfield>
    <subfield code="r">2026-04-22 11:35:36</subfield>
    <subfield code="w">2026-04-22</subfield>
    <subfield code="y">FOTOGRAF&#xCD;A</subfield>
  </datafield>
  <datafield tag="952" ind1=" " ind2=" ">
    <subfield code="0">0</subfield>
    <subfield code="1">0</subfield>
    <subfield code="2">ddc</subfield>
    <subfield code="4">0</subfield>
    <subfield code="7">0</subfield>
    <subfield code="8">FOTOGRAFIA</subfield>
    <subfield code="a">RABASF</subfield>
    <subfield code="b">RABASF</subfield>
    <subfield code="c">DP2</subfield>
    <subfield code="d">2026-04-22</subfield>
    <subfield code="l">0</subfield>
    <subfield code="o">Fot-778</subfield>
    <subfield code="p">1097103</subfield>
    <subfield code="r">2026-04-22 11:35:36</subfield>
    <subfield code="w">2026-04-22</subfield>
    <subfield code="y">FOTOGRAF&#xCD;A</subfield>
  </datafield>
  <datafield tag="952" ind1=" " ind2=" ">
    <subfield code="0">0</subfield>
    <subfield code="1">0</subfield>
    <subfield code="2">ddc</subfield>
    <subfield code="4">0</subfield>
    <subfield code="7">0</subfield>
    <subfield code="8">FOTOGRAFIA</subfield>
    <subfield code="a">RABASF</subfield>
    <subfield code="b">RABASF</subfield>
    <subfield code="c">DP2</subfield>
    <subfield code="d">2026-04-22</subfield>
    <subfield code="l">0</subfield>
    <subfield code="o">Fot-779</subfield>
    <subfield code="p">1097104</subfield>
    <subfield code="r">2026-04-22 11:35:36</subfield>
    <subfield code="w">2026-04-22</subfield>
    <subfield code="y">FOTOGRAF&#xCD;A</subfield>
  </datafield>
  <datafield tag="952" ind1=" " ind2=" ">
    <subfield code="0">0</subfield>
    <subfield code="1">0</subfield>
    <subfield code="2">ddc</subfield>
    <subfield code="4">0</subfield>
    <subfield code="7">0</subfield>
    <subfield code="8">FOTOGRAFIA</subfield>
    <subfield code="a">RABASF</subfield>
    <subfield code="b">RABASF</subfield>
    <subfield code="c">DP2</subfield>
    <subfield code="d">2026-04-22</subfield>
    <subfield code="l">0</subfield>
    <subfield code="o">Fot-780</subfield>
    <subfield code="p">1097105</subfield>
    <subfield code="r">2026-04-22 11:35:36</subfield>
    <subfield code="w">2026-04-22</subfield>
    <subfield code="y">FOTOGRAF&#xCD;A</subfield>
  </datafield>
  <datafield tag="999" ind1=" " ind2=" ">
    <subfield code="c">85834</subfield>
    <subfield code="d">85834</subfield>
  </datafield>
</record>
